• 首页
  • 本馆介绍
  • 公告通知
  • 最新文献
  • 馆藏检索
  • 电子资源
  • 读者导购
  • 参考咨询
  • 我的图书馆
  • 登录
  • 详细信息显示
  • 放入我的书架
  • 预约/预借图书
  • 作者相关作品
  • 分类相关作品
  • 丛书相关作品
  • 出版社相关作品

书目信息

  • 表格格式
  • 工作单格式
  • 卡片格式
题名:
石油和化工行业能源管理师教程
    
 
作者: ;中国石油和化学工业协会 , 中国化工节能技术协会 组织编写
分册:  
出版信息: 北京   化学工业出版社  2007
页数: 446页
开本: 24cm
丛书名:
单 册:
中图分类: F407.226.5 , F407.765
科图分类:
主题词: 石油工业--工业企业管理--能源管理--教材 , 化学工业--工业企业管理--能源管理--教材 , 石油工业 , 工业企业管理 , 能源管理 , 化学工业
电子资源:
ISBN: 978-7-5025-9999-7
000 01430nam0 2200313 45
001 1029921507
005 20100428145619.40
010    @a978-7-5025-9999-7@dCNY58.00
100    @a20100420d2007 em y0chiy0110 ea
101 0  @achi
102    @aCN@b110000
105    @ay z 000yy
106    @ar
200 1  @a石油和化工行业能源管理师教程@AShi You He Hua Gong Xing Ye Neng Yuan Guan Li Shi Jiao Cheng@f中国石油和化学工业协会,中国化工节能技术协会组织编写@FZhong Guo Shi You He Hua Xue Gong Ye Xie Hui, Zhong Guo Hua Gong Jie Neng Ji Shu Xie Hui Zu Zhi Bian Xie
210    @a北京@c化学工业出版社@d2007
215    @a446页@d24cm
330    @a本书根据石油和化工行业能源管理人员的工作需要,全面介绍了能源管理工作中必须掌握的节能知识,并安排了部分案例供读者参考。具体内容包括国内外能源形势及中国石油和化学工业能源消费状况、石油和化工节能基础知识、工艺节能知识、公用工程节能技术、企业能源统计和能源审计等。
606 0  @a石油工业@x工业企业管理@x能源管理@j教材
606 0  @a化学工业@x工业企业管理@x能源管理@j教材
606 0  @a石油工业
606 0  @a工业企业管理
606 0  @a能源管理
606 0  @a化学工业
690    @aF407.226.5@v4
690    @aF407.765@v4
711 02 @a中国石油和化学工业协会@AZhong Guo Shi You He Hua Xue Gong Ye Xie Hui@4组织编写
711 02 @a中国化工节能技术协会@AZhong Guo Hua Gong Jie Neng Ji Shu Xie Hui@4组织编写
801  0 @aCN@bTANGWEI@c20100428
905    @b0594308-12@dF407.226.5@e204@f5
    
    石油和化工行业能源管理师教程/中国石油和化学工业协会,中国化工节能技术协会组织编写.-北京:化学工业出版社,2007
    446页;24cm
    
    
    ISBN 978-7-5025-9999-7:CNY58.00
    本书根据石油和化工行业能源管理人员的工作需要,全面介绍了能源管理工作中必须掌握的节能知识,并安排了部分案例供读者参考。具体内容包括国内外能源形势及中国石油和化学工业能源消费状况、石油和化工节能基础知识、工艺节能知识、公用工程节能技术、企业能源统计和能源审计等。
●
相关链接 在E读中查询图书 在五车中查询图书 在当当中查询图书 在豆瓣中查询图书


正题名:石油和化工行业能源管理师教程     索取号:F407.226.5/204         预约/预借

序号 登录号 条形码 馆藏地/架位号 状态 备注
1 0594308   205943087   第一样本阅览室/ [索取号:F407.226.5/204] 在馆    
2 0594309   205943096   第一借阅区/ [索取号:F407.226.5/204] 在馆    
3 0594310   205943103   第一借阅区/ [索取号:F407.226.5/204] 在馆    
4 0594311   205943112   第一借阅区/ [索取号:F407.226.5/204] 在馆    
5 0594312   205943121   第一借阅区/ [索取号:F407.226.5/204] 在馆    
唐山师范学院图书馆 欢迎您!
大连网信软件有限公司© 版权所有